[Event "Caxambu Casa do Xadrez op"]
[Site "Caxambu"]
[Date "2022.07.24"]
[Round "5"]
[White "De Brito, Gabrielly Rodrigues"]
[Black "Povia, Pedro Cezar Vezneya"]
[Result "1-0"]
[WhiteElo "1401"]
[BlackElo "1800"]
[PlyCount "97"]
[EventDate "2022.07.22"]
[EventType "swiss"]
[EventRounds "6"]
[EventCountry "BRA"]
[SourceTitle "CBM 209 Extra"]
[Source "ChessBase"]
[SourceDate "2022.09.30"]
[SourceVersion "1"]
[SourceVersionDate "2022.09.30"]
[SourceQuality "1"]

1. Nf3 d5 2. b3 Nf6 3. Bb2 e6 4. e3 Bd6 5. Be2 Nbd7 6. d4 c6 7. 0-0 0-0 8. Nbd2 b6 9. c4 Bb7 10. Rc1 Qe7 11. Ne5 Rac8 12. Bf3 c5 13. Nxd7 Nxd7 14. cxd5 exd5 15. dxc5 bxc5 16. Nb1 Qg5 17. g3 Rfd8 18. Bg2 Bf8 19. Nd2 Nb6 20. Qe2 Qe7 21. Rfe1 Qd7 22. Nf3 f6 23. h4 Rc7 24. Kh2 Qc6 25. Nd4 Qe8 26. Nf3 Bc6 27. Kg1 Bd6 28. Nd2 c4 29. bxc4 dxc4 30. Nxc4 Nxc4 31. Qxc4+ Kh8 32. Bxc6 Qe7 33. Qe4 Qf8 34. Bd5 Rcd7 35. Bb3 Re8 36. Qf3 Qe7 37. Ba1 Bc5 38. Rcd1 Rc7 39. Bd4 Bb4 40. Rf1 Rec8 41. h5 Bc5 42. h6 Bxd4 43. hxg7+ Qxg7 44. Rxd4 Rc5 45. Rg4 Rg5 46. Rxg5 fxg5 47. Rd1 Rf8 48. Qd5 Qf6 49. Qd4 1-0

[Event "Florianopolis op 8th"]
[Site "Florianopolis"]
[Date "2022.01.26"]
[Round "4"]
[White "Tsuchie, Pedro Pinheiro"]
[Black "De Brito, Gabrielly Rodrigues"]
[Result "1/2-1/2"]
[WhiteElo "1660"]
[BlackElo "1302"]
[PlyCount "98"]
[EventDate "2022.01.24"]
[EventType "swiss"]
[EventRounds "10"]
[EventCountry "BRA"]
[SourceTitle "CBM 206 Extra"]
[Source "ChessBase"]
[SourceDate "2022.03.31"]
[SourceVersion "1"]
[SourceVersionDate "2022.03.31"]
[SourceQuality "1"]

1. e4 e5 2. Nf3 Nc6 3. Bb5 a6 4. Ba4 Nf6 5. d3 b5 6. Bb3 Be7 7. 0-0 d6 8. c3 0-0 9. Re1 Na5 10. Bc2 c5 11. Nbd2 Be6 12. Nf1 Re8 13. Ne3 g6 14. d4 exd4 15. cxd4 Bf8 16. Bd2 Nc4 17. Nxc4 Bxc4 18. b3 Be6 19. d5 Bc8 20. Bc3 Bg7 21. Qd3 Bb7 22. Nd2 Rc8 23. a4 Qd7 24. axb5 axb5 25. Ra5 b4 26. Bxf6 Bxf6 27. Nc4 Qc7 28. g3 Ra8 29. Rxa8 Rxa8 30. Qf3 Bg7 31. Qf4 Rd8 32. h4 h5 33. Qg5 Ba6 34. Bd3 Bxc4 35. Bxc4 Re8 36. Kg2 Qe7 37. Qxe7 Rxe7 38. f4 Bc3 39. Re2 Kf8 40. Kf3 Bd4 41. Ra2 Kg7 42. Ra6 Rd7 43. Bb5 Rd8 44. Rc6 Bc3 45. Bc4 Bd4 46. Rc7 Bc3 47. Ra7 Bd4 48. Re7 Kf8 49. Ra7 Kg7 1/2-1/2

[Event "Pan American-ch Hybrid U16 Girls 31st"]
[Site "Tornelo INT"]
[Date "2021.09.04"]
[Round "8"]
[White "De Brito, Gabrielly Rodrigues"]
[Black "Sanchez Bobadilla, Valeria Belen"]
[Result "0-1"]
[WhiteElo "1251"]
[BlackElo "1457"]
[PlyCount "129"]
[EventDate "2021.09.04"]
[EventType "swiss"]
[EventRounds "9"]
[EventCountry "NET"]
[SourceTitle "EXT 2023"]
[Source "ChessBase"]
[SourceDate "2022.10.05"]
[SourceVersion "1"]
[SourceVersionDate "2022.10.05"]
[SourceQuality "1"]

1. c4 e5 2. Nc3 Nf6 3. Nf3 Nc6 4. e4 Bc5 5. Nxe5 Bxf2+ 6. Kxf2 Nxe5 7. d4 Nfg4+ 8. Kg1 Qh4 9. Qd2 Nc6 10. d5 Nce5 11. h3 Qg3 12. Qe2 d6 13. Bd2 0-0 14. Be1 Qe3+ 15. Qxe3 Nxe3 16. b3 Nc2 17. Rc1 Nxe1 18. Rxe1 f5 19. Nb5 Rf7 20. exf5 Bxf5 21. Be2 a6 22. Nd4 b5 23. Kh2 bxc4 24. Bxc4 Nxc4 25. bxc4 Bd3 26. Rc1 Rf2 27. Rc3 Be4 28. Rg1 Rxa2 29. Re3 Bg6 30. Rf1 Ra4 31. Rc3 Rb8 32. Nc6 Re8 33. Rf4 Ra2 34. Rcf3 Rae2 35. Ra3 R2e4 36. Rxe4 Rxe4 37. Rxa6 Rxc4 38. Ra8+ Kf7 39. Ra7 Rc5 40. Rxc7+ Kf6 41. Rd7 Rxd5 42. Nb4 Rd2 43. Ra7 Be4 44. Ra2 Rxa2 45. Nxa2 Ke5 46. Kg3 d5 47. Kf2 Kd4 48. Nc1 Kc3 49. Ne2+ Kd2 50. Nf4 d4 51. g4 d3 52. h4 Kc2 53. Nxd3 Kxd3 54. g5 Bf5 55. Kf3 g6 56. Kf4 Ke2 57. h5 Kf2 58. h6 Kg2 59. Ke5 Kg3 60. Kf6 Kg4 61. Kg7 Kxg5 62. Kxh7 Kf6 63. Kg8 g5 64. h7 Bxh7+ 65. Kxh7 0-1

[Event "Pan American-ch Hybrid U16 Girls 31st"]
[Site "Tornelo INT"]
[Date "2021.09.04"]
[Round "7"]
[White "Quispe Mamani, Nikaela Nazaret"]
[Black "De Brito, Gabrielly Rodrigues"]
[Result "1/2-1/2"]
[WhiteElo "1294"]
[BlackElo "1251"]
[PlyCount "52"]
[EventDate "2021.09.04"]
[EventType "swiss"]
[EventRounds "9"]
[EventCountry "NET"]
[SourceTitle "EXT 2023"]
[Source "ChessBase"]
[SourceDate "2022.10.05"]
[SourceVersion "1"]
[SourceVersionDate "2022.10.05"]
[SourceQuality "1"]

1. e4 c5 2. Nf3 g6 3. d3 Bg7 4. Nbd2 Nc6 5. c3 e5 6. g3 d6 7. Bg2 Nge7 8. 0-0 0-0 9. h4 Bg4 10. Re1 b5 11. Nf1 b4 12. c4 Nd4 13. N1h2 Nxf3+ 14. Nxf3 Nc6 15. Qc2 Bxf3 16. Bxf3 Nd4 17. Qd1 Nxf3+ 18. Qxf3 Qf6 19. Qxf6 Bxf6 20. Bd2 Bg7 21. Kg2 h6 22. Rh1 f5 23. Rhf1 a5 24. a3 Rfe8 25. axb4 axb4 26. b3 Rf8 1/2-1/2

[Event "Sao Paulo Carnaval op"]
[Site "Sao Paulo"]
[Date "2020.02.23"]
[Round "3"]
[White "De Brito, Gabrielly Rodrigues"]
[Black "Bonfim, Regina Rodrigues"]
[Result "0-1"]
[WhiteElo "1264"]
[BlackElo "1707"]
[PlyCount "152"]
[EventDate "2020.02.22"]
[EventType "swiss"]
[EventRounds "7"]
[EventCountry "BRA"]
[SourceTitle "CBM 195 Extra"]
[Source "ChessBase"]
[SourceDate "2020.05.31"]
[SourceVersion "1"]
[SourceVersionDate "2020.05.31"]
[SourceQuality "1"]

1. d4 f5 2. Nf3 e6 3. g3 Nf6 4. Bg2 Be7 5. 0-0 0-0 6. c4 c6 7. Nc3 d5 8. Qb3 h6 9. Re1 Nbd7 10. cxd5 exd5 11. Bf4 Nh5 12. Bc1 Kh8 13. Ne5 Qe8 14. Nxd7 Qxd7 15. Na4 Bd6 16. Nc5 Qe7 17. Qe3 f4 18. Qxe7 Bxe7 19. Bf3 fxg3 20. hxg3 Nf6 21. e3 g5 22. Bg2 Kg7 23. Bd2 b6 24. Nd3 Bg4 25. Rac1 Bf5 26. Nb4 Bxb4 27. Bxb4 Rfc8 28. a3 a5 29. Bd2 c5 30. dxc5 bxc5 31. Bc3 Be6 32. Red1 Rd8 33. Rd2 Kf7 34. Bxf6 Kxf6 35. Rcd1 Ke5 36. f4+ gxf4 37. exf4+ Kf6 38. Kf2 Rab8 39. Rh1 Kg7 40. Re1 Rd6 41. Red1 Rbd8 42. Rc1 c4 43. Rcd1 d4 44. Bf1 Kf6 45. Bg2 d3 46. Be4 Rb6 47. Ke3 Rdb8 48. Rh1 Rxb2 49. Rxh6+ Ke7 50. Rh7+ Kd6 51. Rh6 Rxd2 52. Kxd2 Rb2+ 53. Kc1 Re2 54. Bxd3 cxd3 55. f5 Kd5 56. fxe6 Kd4 57. e7 Rxe7 58. Rd6+ Ke3 59. Kd1 Re5 60. Rd8 Rg5 61. Re8+ Kd4 62. Rd8+ Kc3 63. Rc8+ Kb3 64. Rd8 Rxg3 65. Kd2 Kxa3 66. Rc8 a4 67. Rc7 Kb4 68. Rb7+ Kc4 69. Rc7+ Kb3 70. Rb7+ Ka2 71. Rb8 a3 72. Rb7 Ka1 73. Ra7 a2 74. Rb7 Rg1 75. Rb3 Rb1 76. Rxd3 Kb2 0-1

[Event "Sao Paulo Carnaval op"]
[Site "Sao Paulo"]
[Date "2020.02.22"]
[Round "2"]
[White "Dos Santos, Antonio Celso"]
[Black "De Brito, Gabrielly Rodrigues"]
[Result "1-0"]
[WhiteElo "1823"]
[BlackElo "1264"]
[PlyCount "47"]
[EventDate "2020.02.22"]
[EventType "swiss"]
[EventRounds "7"]
[EventCountry "BRA"]
[SourceTitle "CBM 195 Extra"]
[Source "ChessBase"]
[SourceDate "2020.05.31"]
[SourceVersion "1"]
[SourceVersionDate "2020.05.31"]
[SourceQuality "1"]

1. e4 e5 2. Nf3 Nc6 3. Bb5 a6 4. Bxc6 dxc6 5. 0-0 Bd6 6. d3 Ne7 7. Be3 0-0 8. c3 Ng6 9. Nbd2 Re8 10. a3 c5 11. h3 h6 12. b4 cxb4 13. axb4 Bf8 14. Qe2 f5 15. exf5 Bxf5 16. Ne4 Nf4 17. Bxf4 exf4 18. Nd4 Bxe4 19. dxe4 Bxb4 20. Qc4+ Kh8 21. Qxb4 Rxe4 22. Qxb7 c5 23. Qxe4 cxd4 24. cxd4 1-0

[Event "Sao Paulo Hebraica op 27th"]
[Site "Sao Paulo"]
[Date "2020.01.10"]
[Round "2"]
[White "De Brito, Gabrielly Rodrigues"]
[Black "Serafim Junior, Arnor"]
[Result "0-1"]
[WhiteElo "1255"]
[BlackElo "1813"]
[PlyCount "96"]
[EventDate "2020.01.10"]
[EventType "swiss"]
[EventRounds "6"]
[EventCountry "BRA"]
[SourceTitle "CBM 194 Extra"]
[Source "ChessBase"]
[SourceDate "2020.03.31"]
[SourceVersion "1"]
[SourceVersionDate "2020.03.31"]
[SourceQuality "1"]

1. d4 Nf6 2. c4 d6 3. Nf3 Nbd7 4. Nc3 e5 5. e3 Be7 6. g3 c6 7. dxe5 dxe5 8. Bg2 0-0 9. 0-0 Qc7 10. b3 Re8 11. Bb2 Nf8 12. Qc2 Bg4 13. Ne4 Ng6 14. Nxf6+ Bxf6 15. h3 Be6 16. Rad1 Rac8 17. Nd2 Be7 18. Qc1 f5 19. Nf3 Bf6 20. Rfe1 c5 21. a3 e4 22. Nd2 Ne5 23. Bxe5 Bxe5 24. Nf1 g5 25. Rd2 Qg7 26. Rc2 Red8 27. f4 Bf6 28. b4 Rd3 29. bxc5 Rxc5 30. Rd1 Qd7 31. Rcd2 Rxc4 32. Rxd3 exd3 33. Qb1 Rc3 34. Qxb7 Qxb7 35. Bxb7 Rxa3 36. h4 gxh4 37. gxh4 Bxh4 38. e4 a5 39. exf5 Bxf5 40. Bd5+ Kg7 41. Ne3 Kf6 42. Nxf5 Kxf5 43. Bc4 Ke4 44. f5 Ke3 45. Kf1 Rc3 46. Bb5 d2 47. Ba4 Bf6 48. Bb5 Ra3 0-1

[Event "Osasco Terzian Memorial"]
[Site "Osasco"]
[Date "2019.12.07"]
[Round "3"]
[White "De Souza, Ana Lucia Silva"]
[Black "De Brito, Gabrielly Rodrigues"]
[Result "1-0"]
[WhiteElo "1473"]
[BlackElo "1284"]
[PlyCount "101"]
[EventDate "2019.12.06"]
[EventType "swiss"]
[EventRounds "6"]
[EventCountry "BRA"]
[SourceTitle "CBM 193 Extra"]
[Source "ChessBase"]
[SourceDate "2020.01.31"]
[SourceVersion "1"]
[SourceVersionDate "2020.01.31"]
[SourceQuality "1"]

1. e4 e5 2. Nf3 Nc6 3. Bc4 Bc5 4. 0-0 Nf6 5. d3 0-0 6. Bg5 h6 7. Bh4 d6 8. h3 Re8 9. Nc3 Be6 10. Bxe6 Rxe6 11. Nd5 Rc8 12. Bxf6 gxf6 13. Nh4 Qf8 14. Nf5 Kh7 15. Qh5 Nd4 16. Nde3 Nxf5 17. Nxf5 c6 18. Kh1 d5 19. f3 Bb6 20. Rae1 Ba5 21. Re2 Bb6 22. g4 Bd8 23. h4 Rc7 24. Rg2 d4 25. Rfg1 c5 26. g5 fxg5 27. hxg5 Rg6 28. gxh6 Qg8 29. Nd6 Rc8 30. Rxg6 fxg6 31. Qxe5 Rc7 32. Rg2 Qh8 33. Qxh8+ Kxh8 34. Rxg6 Kh7 35. Rg7+ Rxg7 36. hxg7 Kxg7 37. Nxb7 Bb6 38. Nd6 Kf6 39. Kg2 Ke5 40. Nc4+ Kf4 41. Nxb6 axb6 42. a4 Ke3 43. e5 Kd2 44. e6 Kxc2 45. e7 Kxd3 46. e8Q Kc2 47. Qe2+ Kb3 48. f4 Kxa4 49. Qc4+ Ka5 50. b3 b5 51. Qxc5 1-0